Statistics for Star Wars Legends Timeline quiz

Click here to take the quiz!

General Stats

  • This quiz has been taken 42 times
    (38 since last reset)
  • The average score is 20 of 39

Answer Stats

YearHintAnswer% Correct
1,000 BBYThis Sith Lord establishes the "Rule of Two," so that there can be only one master and one apprentice at a time.Darth Bane
82%
3,956 BBYThis former Sith Lord rejoins the Jedi after his memory is wiped.Revan
82%
10 ABYThis cloned Sith Lord re-emerges to threaten the New Republic.Emperor Palpatine
75%
These twins are born to Han Solo and Leia Organa Solo.Jacen Solo
75%
19 ABYLuke Skywalker marries this person.Mara Jade
75%
2 BBYThis apprentice of Darth Vader sacrifices himself to save several Rebel leaders.Galen Marek
71%
10 ABYThis child is born to Han Solo and Leia Organa Solo.Anakin Solo
64%
9 ABYThis brilliant tactician returns from the Unknown Regions and begins a campaign against the New Republic.Grand Admiral Thrawn
64%
3,955 BBYThis exiled Jedi Master forms the Sith Triumvirate with Darth Sion and Darth Nihilus.Darth Traya
61%
Jaina Solo
61%
5 ABYThis former stormtrooper turned Jedi Knight locates the Valley of the Jedi on Ruusan and defends it from the dark Jedi Jerec.Kyle Katarn
61%
This cluster of black holes is constructed, using the space station above.The Maw
61%
~100,000 BBYThis space station, capable of moving objects as large as stars and planets via hyperspace tractor beams, is constructed.Centerpoint Station
57%
6 ABYThis group of fighter pilots liberates Coruscant from the Empire.Rogue Squadron
57%
11 ABYLuke Skywalker founds his new Jedi Academy on this moon.Yavin IV
57%
22 BBYThis Jedi Master defeats his former Padawan Depa Billaba on Haruun Kal after she succumbs to the Dark Side.Mace Windu
54%
11 ABYKyp Durron steals this Imperial superweapon and uses it to destroy several star systems.Sun Crusher
54%
25 ABYThis alien species, evidently absent from the Force, invades the galaxy.Yuuzhan Vong
54%
138 ABYThis Jedi Knight ends the Second Galactic Empire by killing the Sith Emperor and launching his body into Coruscant's sun.Cade Skywalker
50%
This Sith Lord's spirit becomes bound to the temples on Yavin IV, where he lurks for several thousand years.Exar Kun
50%
40 ABYThis Dark Lady of the Sith is killed in battle by Luke Skywalker.Lumiya
50%
130 ABYThis Sith Lord takes over the galaxy after deposing Emperor Roan Fel.Darth Krayt
46%
12 BBYThis elite group of clones is dispatched to Kamino to quell an uprising of clone troopers fighting against the Empire.501st Legion
43%
43 ABYThis ancient being begins mentally influencing a number of Jedi Knights, inducing a psychosis in which they believe that everyone they know is an impostor.Abeloth
43%
This Sith Lord is slain by his own sister.Darth Caedus
43%
3 ABYThis Falleen criminal overlord is killed when Imperial forces destroy his skyhook vehicle.Prince Xizor
39%
This Jedi Master refuses to serve as a general in the Clone War, instead choosing to infiltrate the Separatists and attempt to discover the identity of the second Sith Lord.Quinlan Vos
39%
3,996 BBYThis former Jedi slays his brother Cay in a duel on Ossus.Ulic Qel-Droma
39%
Han Solo wins the deed to this planet in a game of sabacc.Dathomir
36%
41 ABYThis Supreme Commander of the Imperial Remnant is assassinated by Sith apprentice Tahiri VeilaGilad Pellaeon
36%
5,000 BBYThis Sith Lord seizes control of the Sith Empire after first contact with Republic explorers.Naga Sadow
36%
This former Imperial admiral becomes Chief of State of the Galactic AllianceNatasi Daala
36%
29 BBYAnakin Skywalker and Obi-Wan Kenobi visit this sentient, living planet in search of Jedi Knight Vergere.Zonama Sekot
36%
4 ABYThis saurian species invades the Imperial planet Bakura using machines powered by imprisoned life energy.Ssi-Ruuk
32%
28 ABYThis New Republic Chief of State reorganizes the government and the Imperial Remnant into the Galactic Alliance.Cal Omas
29%
8 ABYThis prince of the Hapes Consortium proposes marriage to Leia Organa.Isolder
29%
44 BBYThis regional conflict takes place between the Republic, the Trade Federation, and a group of pirates led by Iaco Stark.Stark Hyperspace War
29%
This Jedi becomes acting Grand Master after Luke Skywalker is exiled from Coruscant.Kenth Hamner
25%
25,100 BBYThis despotic ruler of the Tion Cluster of star systems is killed by Hutts.Xim
21%

Score Distribution

Percentile by Number Answered

Percent of People with Each Score

Your Score History

You have not taken this quiz since the last reset